00909 2200193 4500001002100000005001500021035002000036245027800056100002700334250002000361300005800381856002200439700015000461260003700611082000800648084001400656020001800670650002700688INLIS00000000114811520260330023256 a0010-03260006261 aLEARNING ENGLISH MADE EASY FOR A BRIGHTER CAREER :bBelajar Bahasa Inggris untuk Masa Depan /cPenulis: Henricus W. Ismanthono, Editor Isi & Akuisisi: Dyna Novitasari, Editor: Purindraswari, Setting: Sun Punang, Desain Cover: Ferryan Nugroho P., Korektor: A. Ria Puji Utami0 aHenricus W. Ismanthono aCetakan Pertama aviiii +232 halaman :bIlustrasi ;c16 x 23 cmeKertas aPerpustakaan Umum0 aEditor Isi & Akuisisi: Dyna Novitasari, Editor: Purindraswari, Setting: Sun Punang, Desain Cover: Ferryan Nugroho P., Korektor: A. Ria Puji Utami aYogyakarta :bANDI OFFSET,c2019 a415 a415 HEN l a9786237400493 4aREFERENCE & DICTIONARY